000 00392pab a2200157 454500
008 180718b2006 xxu||||| |||| 00| 0 eng d
100 _aSharma, Betwa
245 _aRevival of the European constitution: a judicial deficit
260 _c2006
300 _ap.19-22.
362 _a22 Jul
650 _aConstitutions
700 _aKhan, Adil Hassan
773 _aMainstream
909 _a70489
999 _c70489
_d70489